La ley y el sexo (Registro nro. 22131)

Detalles MARC
000 -LEADER
fixed length control field 00334 a2200109 4500
001 - CONTROL NUMBER
control field ART_50577
005 - DATE AND TIME OF LATEST TRANSACTION
control field 20260410161818.0
008 - FIXED-LENGTH DATA ELEMENTS--GENERAL INFORMATION
fixed length control field 260409a
100 1# - MAIN ENTRY--PERSONAL NAME
Personal name Litardo, Emiliano
245 10 - TITLE STATEMENT
Title La ley y el sexo
773 0# - HOST ITEM ENTRY
Title Revista Juridica de Buenos Aires
Related parts Género y derechos - Año 43, Nº 97 (nov. 2019)
Record control number REV4315

No hay ítems disponibles.